American Horror Story: Season Titles - Statistics

General Stats
  • This quiz has been taken 2,097 times
    759 since last reset
  • The average score is 9 of 12
Answer Stats
Season Title % Correct
3 Coven
96%
1 Murder House
96%
2 Asylum
94%
4 Freak Show
93%
5 Hotel
92%
6 Roanoke
81%
8 Apocalypse
78%
9 1984
74%
7 Cult
74%
10 Double Feature
54%
11 New York City
51%
12 Delicate
46%
No matching quizzes found
Score Distribution
Percent of People with Each Score
Percentile by Number Answered
Your Score History
You have not taken this quiz since the last reset